Statistics for Fast Typing Numbers to 30

Click here to take the quiz!

General Stats

  • This quiz has been taken 105 times
  • The average score is 27 of 30

Answer Stats

Answer% Correct
1
100%
2
100%
3
100%
4
100%
5
100%
6
100%
7
100%
8
100%
9
100%
10
98%
11
98%
14
98%
15
98%
12
95%
16
95%
17
95%
13
93%
18
93%
19
93%
20
93%
21
93%
23
84%
22
81%
24
81%
25
74%
26
72%
27
67%
28
63%
29
58%
30
51%

Score Distribution

Percentile by Number Answered

Percent of People with Each Score

Your Score History

You have not taken this quiz